000 00687cam a2200229 a 4500
001 1007779
005 20180129035742.0
008 870612s1988 txua b 001 0 eng
010 _a 87071675
020 _a0256058210
040 _aDLC
_cDLC
_dDLC
041 _aeng
080 _a658.4 jam
082 0 0 _a658.4 jam
_219
100 1 _a54
101 _alid
245 1 0 _aOrganizations :
_cJames L. Gibson, John M. Ivancevich, James H. Donnelly, Jr.
504 _aIncludes bibliographies and indexes.
906 _a7
_bcbc
_corignew
_d3
_eopcn
_f19
_gy-gencatlg
942 _2ddc
_cBK
999 _c41126
_d41126